000 02545nam a22003497a 4500
008 100305t xxu||||| |||| 00| 0 eng d
010 _aB-448480-490
020 _a9780140157567
_c299.00
035 _aB-448480-490
037 _bBPPD/ KKP
040 _adpl
_beng
082 _aS
100 _aMarquez,Gabriel Garcia
_944068
245 _aCollected stories /
_cby Gabriel Garcia Marquez
260 _aNew Delhi
_bPenguin Books
_c1996
270 _a11 Community Centre Panhsheel Park
_bNew Delhi
_e110017
300 _a292p
_c20cm
942 _2ddc
_cEN
_mMAR
_kS
999 _c64227
_d64227